=LDR 00000nam 2200000 4500 =001 INLIS000000000023002 =005 20130612121712 =008 ***********************************Ind** =035 ##$$0010-061300000023002 =041 ##$$a Ind =082 ##$$a 658 =090 ##$$a 658, Man-p =100 ##$$a Manullang, M =245 ##$$a Pedoman Praktis Pengambilan Keputusan, Drs. M. Manullang =260 ##$$a 1996 $b Yogyakarta =300 ##$$a xiv, 323 hlm., ilus., 22 cm =650 ##$$a Pengambilan Keputusan - Pedoman =850 ##$$a NBPNMAT